NTA CUET UG 2025: (Record no. 212176)

MARC details
000 -LEADER
fixed length control field 00578nam a22001937a 4500
005 - DATE AND TIME OF LATEST TRANSACTION
control field 20250806143850.0
010 ## - LCCN (DPL NO)
LC control number ENG-146417
020 ## - INTERNATIONAL STANDARD BOOK NUMBER
International Standard Book Number 9789361590825
Terms of availability 565.00
035 ## - SYSTEM CONTROL NUMBER
System control number EN-129949
037 ## - SOURCE OF ACQUISITION
Source of stock number/acquisition DBAD
037 ## - SOURCE OF ACQUISITION
Source of stock number/acquisition DBAD
082 ## - DEWEY DECIMAL CLASSIFICATION NUMBER
Classification number 000
Edition number 1
245 ## - TITLE STATEMENT
Title NTA CUET UG 2025:
Remainder of title English Language and General Aptitude Test/
250 ## - EDITION STATEMENT
Edition statement 1
260 ## - PUBLICATION, DISTRIBUTION, ETC. (IMPRINT)
Place of publication, distribution, etc Noida
Name of publisher, distributor, etc Pearson India Education
Date of publication, distribution, etc 2025
270 ## - ADDRESS
Address 15th Floor, Towe-B, World Trade Tower, Plot No.1, Block-C, Sector-16
City Noida
Postal code 201301
300 ## - PHYSICAL DESCRIPTION
Extent vpp.
Dimensions 23cm(pb)
942 ## - ADDED ENTRY ELEMENTS (KOHA)
Source of classification or shelving scheme Dewey Decimal Classification
Item type English Books
Classification part 000
Call number suffix ENG
Holdings
Withdrawn status Lost status Not for loan Collection code Home library Current library Date acquired Source of acquisition Cost, normal purchase price Full call number Barcode Copy number Cost, replacement price Koha item type
      Non-fiction Mobile Library Mobile Library 07/07/2025 Delivery of Books Act Division 710.00 000 ENG EN-129286 1 710.00 English Books
      Non-fiction Mobile Library Mobile Library 06/08/2025 DBAD 565.00 000 ENG EN-129949 1 565.00 English Books

© Delhi Public Library
Hit Counter
free hit counter